Max Weber and german politics, 1890-1920 / (Registro nro. 14125)

Detalles MARC
000 -LEADER
campo de control de longitud fija 00878nam a2200265 i 4500
001 - NÚMERO DE CONTROL
campo de control 14125
003 - IDENTIFICADOR DE NÚMERO DE CONTROL
campo de control ES-MaACL
005 - FECHA Y HORA DE LA ÚLTIMA TRANSACCIÓN
campo de control 20250626063132.0
007 - CAMPO FIJO DE DESCRIPCIÓN FÍSICA--INFORMACIÓN GENERAL
campo de control de longitud fija t|
008 - DATOS DE LONGITUD FIJA--INFORMACIÓN GENERAL
campo de control de longitud fija 981006s1990 xxu |||| | eng d
020 ## - NÚMERO INTERNACIONAL ESTÁNDAR DEL LIBRO
Número Internacional Estándar del Libro 0-226-53399-9
080 ## - NÚMERO DE LA CLASIFICACIÓN DECIMAL UNIVERSAL
Número de la Clasificación Decimal Universal 316.2 Weber, Max
080 ## - NÚMERO DE LA CLASIFICACIÓN DECIMAL UNIVERSAL
Número de la Clasificación Decimal Universal 943.0"1890/1920"
100 1# - ENTRADA PRINCIPAL--NOMBRE DE PERSONA
Nombre de persona Mommsen, Wolfgang J.,
Fechas asociadas al nombre 1930-2004
9 (RLIN) 82082
245 10 - MENCIÓN DEL TÍTULO
Título Max Weber and german politics, 1890-1920 /
Mención de responsabilidad, etc. Wolfgang J. Mommsen ; translated by Michael S. Steinberg.
260 ## - PUBLICACIÓN, DISTRIBUCIÓN, ETC.
Lugar de publicación, distribución, etc. Chicago and London :
Nombre del editor, distribuidor, etc. The University of Chicago Press,
Fecha de publicación, distribución, etc. [1990]
300 ## - DESCRIPCIÓN FÍSICA
Extensión XXI, 408 p. ;
Dimensiones 23 cm.
500 ## - NOTA GENERAL
Nota general Índices.
504 ## - NOTA DE BIBLIOGRAFÍA, ETC.
Nota de bibliografía, etc. Bibliografía : p. [455]-498.
600 14 - PUNTO DE ACCESO ADICIONAL DE MATERIA--NOMBRE DE PERSONA
Nombre de persona Weber, Max.
9 (RLIN) 116265
651 #4 - PUNTO DE ACCESO ADICIONAL DE MATERIA--NOMBRE GEOGRÁFICO
Nombre geográfico Alemania-
Subdivisión general Politica y gobierno-
Subdivisión cronológica 1871-1918.
9 (RLIN) 170091
700 1# - ENTRADA AGREGADA--NOMBRE PERSONAL
Nombre de persona Steinberg, Michael S.
9 (RLIN) 108047
852 ## - LOCALIZACIÓN
Ubicación ES-MaACL
Número de control de estantería L-21361
Existencias
Estatus retirado Estado de pérdida Estado de daño No para préstamo Biblioteca de origen Biblioteca actual Ubicación en estantería Fecha de adquisición Fuente de adquisición Total de préstamos Signatura topográfica completa Código de barras Visto por última vez Precio de reemplazo Tipo de ítem Koha
        Biblioteca del Ateneo de Madrid Biblioteca del Ateneo de Madrid Depósito 2 17/01/2008     L-21361 1014370 23/02/2023 23/02/2023 Libro impreso